<?xml version="1.0" encoding="UTF-8"?>
<record
    xmlns:xsi="http://www.w3.org/2001/XMLSchema-instance"
    xsi:schemaLocation="http://www.loc.gov/MARC21/slim http://www.loc.gov/standards/marcxml/schema/MARC21slim.xsd"
    xmlns="http://www.loc.gov/MARC21/slim">

  <leader>01434nam0a2200325   4500</leader>
  <controlfield tag="001">RU\NLR\BIBL_A\011374768</controlfield>
  <controlfield tag="005">20241102005055.0</controlfield>
  <datafield tag="010" ind1=" " ind2=" ">
    <subfield code="a">9785361004195</subfield>
    <subfield code="9">500</subfield>
  </datafield>
  <datafield tag="021" ind1=" " ind2=" ">
    <subfield code="a">RU</subfield>
    <subfield code="b">2017-23011</subfield>
    <subfield code="9">1704</subfield>
  </datafield>
  <datafield tag="035" ind1=" " ind2=" ">
    <subfield code="a">(RuMoRGB)008842500</subfield>
  </datafield>
  <datafield tag="035" ind1=" " ind2=" ">
    <subfield code="a">(NLR Aleph) 011374768</subfield>
  </datafield>
  <datafield tag="090" ind1=" " ind2=" ">
    <subfield code="a">11371264</subfield>
    <subfield code="c">11371264</subfield>
  </datafield>
  <datafield tag="100" ind1=" " ind2=" ">
    <subfield code="a">20170426d2016    k  y0rusy50      ca</subfield>
  </datafield>
  <datafield tag="101" ind1="0" ind2=" ">
    <subfield code="a">rus</subfield>
  </datafield>
  <datafield tag="102" ind1=" " ind2=" ">
    <subfield code="a">RU</subfield>
  </datafield>
  <datafield tag="105" ind1=" " ind2=" ">
    <subfield code="a">a   z   000zy</subfield>
  </datafield>
  <datafield tag="200" ind1="1" ind2=" ">
    <subfield code="a">&#x41F;&#x440;&#x438;&#x43C;&#x435;&#x43D;&#x435;&#x43D;&#x438;&#x435; &#x43C;&#x43E;&#x434;&#x443;&#x43B;&#x44C;&#x43D;&#x44B;&#x445; &#x441;&#x432;&#x430;&#x439; &#x442;&#x430;&#x432;&#x440;&#x43E;&#x432;&#x43E;&#x433;&#x43E; &#x441;&#x435;&#x447;&#x435;&#x43D;&#x438;&#x44F; &#x432; &#x441;&#x442;&#x440;&#x43E;&#x438;&#x442;&#x435;&#x43B;&#x44C;&#x441;&#x442;&#x432;&#x435;</subfield>
    <subfield code="e">&#x43C;&#x43E;&#x43D;&#x43E;&#x433;&#x440;&#x430;&#x444;&#x438;&#x44F;</subfield>
    <subfield code="f">&#x422;. &#x413;. &#x41A;&#x430;&#x43B;&#x430;&#x447;&#x443;&#x43A;</subfield>
  </datafield>
  <datafield tag="210" ind1=" " ind2=" ">
    <subfield code="a">&#x411;&#x435;&#x43B;&#x433;&#x43E;&#x440;&#x43E;&#x434;</subfield>
    <subfield code="c">&#x418;&#x437;&#x434;-&#x432;&#x43E; &#x411;&#x413;&#x422;&#x423;</subfield>
    <subfield code="d">2016</subfield>
  </datafield>
  <datafield tag="215" ind1=" " ind2=" ">
    <subfield code="a">89 &#x441;.</subfield>
    <subfield code="c">&#x438;&#x43B;.</subfield>
    <subfield code="d">21</subfield>
  </datafield>
  <datafield tag="320" ind1=" " ind2=" ">
    <subfield code="a">&#x411;&#x438;&#x431;&#x43B;&#x438;&#x43E;&#x433;&#x440;.: &#x441;. 81-87 (108 &#x43D;&#x430;&#x437;&#x432;.)</subfield>
  </datafield>
  <datafield tag="606" ind1=" " ind2=" ">
    <subfield code="a">&#x421;&#x442;&#x440;&#x43E;&#x438;&#x442;&#x435;&#x43B;&#x44C;&#x441;&#x442;&#x432;&#x43E; -- &#x421;&#x442;&#x440;&#x43E;&#x438;&#x442;&#x435;&#x43B;&#x44C;&#x43D;&#x44B;&#x435; &#x43A;&#x43E;&#x43D;&#x441;&#x442;&#x440;&#x443;&#x43A;&#x446;&#x438;&#x438; -- &#x424;&#x443;&#x43D;&#x434;&#x430;&#x43C;&#x435;&#x43D;&#x442;&#x44B; -- &#x421;&#x432;&#x430;&#x439;&#x43D;&#x44B;&#x435; &#x444;&#x443;&#x43D;&#x434;&#x430;&#x43C;&#x435;&#x43D;&#x442;&#x44B; -- &#x421;&#x432;&#x430;&#x438; -- &#x417;&#x430;&#x431;&#x438;&#x432;&#x43D;&#x44B;&#x435; &#x441;&#x432;&#x430;&#x438;</subfield>
    <subfield code="2">rubbk</subfield>
  </datafield>
  <datafield tag="606" ind1="1" ind2=" ">
    <subfield code="a">&#x421;&#x432;&#x430;&#x438; &#x442;&#x430;&#x432;&#x440;&#x43E;&#x432;&#x43E;&#x433;&#x43E; &#x441;&#x435;&#x447;&#x435;&#x43D;&#x438;&#x44F;</subfield>
    <subfield code="9">2328434</subfield>
    <subfield code="3">RU\NLR\AUTH\6601616913</subfield>
  </datafield>
  <datafield tag="606" ind1=" " ind2=" ">
    <subfield code="a">&#x421;&#x432;&#x430;&#x439;&#x43D;&#x44B;&#x435; &#x444;&#x443;&#x43D;&#x434;&#x430;&#x43C;&#x435;&#x43D;&#x442;&#x44B;</subfield>
    <subfield code="9">1108258</subfield>
    <subfield code="3">RU\NLR\AUTH\66117675</subfield>
  </datafield>
  <datafield tag="686" ind1=" " ind2=" ">
    <subfield code="a">&#x41D;582.5-046,0</subfield>
    <subfield code="2">rubbk</subfield>
  </datafield>
  <datafield tag="686" ind1="1" ind2=" ">
    <subfield code="a">&#x41D;582.561.1</subfield>
  </datafield>
  <datafield tag="700" ind1=" " ind2="1">
    <subfield code="a">&#x41A;&#x430;&#x43B;&#x430;&#x447;&#x443;&#x43A;</subfield>
    <subfield code="b">&#x422;. &#x413;.</subfield>
    <subfield code="c">&#x43A;&#x430;&#x43D;&#x434;. &#x442;&#x435;&#x445;&#x43D;. &#x43D;&#x430;&#x443;&#x43A;</subfield>
    <subfield code="g">&#x422;&#x430;&#x442;&#x44C;&#x44F;&#x43D;&#x430; &#x413;&#x440;&#x438;&#x433;&#x43E;&#x440;&#x44C;&#x435;&#x432;&#x43D;&#x430;</subfield>
    <subfield code="9">139591</subfield>
    <subfield code="3">RU\NLR\AUTH\770139626</subfield>
  </datafield>
  <datafield tag="942" ind1=" " ind2=" ">
    <subfield code="c">BOOK</subfield>
  </datafield>
  <datafield tag="980" ind1=" " ind2=" ">
    <subfield code="a">NBR</subfield>
  </datafield>
</record>
